LEADER 01151nam2 2200361 450 001 990001263480203316 005 20031118105512.0 035 $a000126348 035 $aUSA01000126348 035 $a(ALEPH)000126348USA01 035 $a000126348 100 $a20031118d1980----km-y0itay0103----ba 101 0 $aeng 102 $aUS 105 $aa|||||||001yy 200 1 $a<<4.>> : Design and management of drainage systems 205 $a2. ed 210 $aWagening$cInternational Institute for land reclamation and improvement/ILRI$d1980 215 $a470 p.$cill.$d24 cm 410 0$12001 454 1$12001 461 1$1001000126020$12001$aDrainage principles and applications$fedited from Lectures notes of the International course on land drainage Wageningen 606 0 $aDrenaggio$xSistemi 676 $a627.54 801 0$aIT$bsalbc$gISBD 912 $a990001263480203316 951 $a627.54 DRA (4)$b20566 Ing$c624.54 959 $aBK 969 $aTEC 979 $aSIAV5$b10$c20031118$lUSA01$h1055 979 $aPATRY$b90$c20040406$lUSA01$h1730 996 $aDesign and management of drainage systems$9987230 997 $aUNISA LEADER 01060nam--2200361---450- 001 990003196720203316 005 20090213153706.0 010 $a978-1-58829-827-0 035 $a000319672 035 $aUSA01000319672 035 $a(ALEPH)000319672USA01 035 $a000319672 100 $a20090213h2008----km-y0itay50------ba 101 $aeng 102 $aUS 105 $aa---||||001yy 200 1 $aPlant virology protocols$efrom viral sequence to protein function$fGary D. Foster...[et al.] 205 $a2. ed. 210 $aTotowa$cHumana Press$d2008 215 $aXX, 667 p.$cill.$d24 cm 225 2 $aMethods in molecular biology$v451 410 0$12001$aMethods in molecular biology$v451 606 0 $aPiante$xVirologia$2BNCF 676 $a579.28 702 1$aFOSTER,$bGary D. 801 0$aIT$bsalbc$gISBD 912 $a990003196720203316 951 $a579.28 PLA$b5028 Farm.$c579$d00197379 959 $aBK 969 $aFAR 979 $aPAOLA$b90$c20090213$lUSA01$h1537 996 $aPlant virology protocols$9402082 997 $aUNISA